Statistics for Christmas Charcters

Click here to take the quiz!

General Stats

  • This quiz has been taken 20 times
  • The average score is 6 of 7

Answer Stats

HintAnswer% Correct
Grumpy green grouch who stink, stank, stunkGrinch
100%
Brings gifts to nice children; brings coal to the naughtySanta
100%
Red-nosed reindeerRudolph
94%
Snowman with a corncob pipe and a button noseFrosty
88%
First name of the child who was left alone while his parents went to ParisKevin
82%
Will Ferrell played an elf that goes by what name?Buddy
47%
Small girl who helped the above ^Cindy Lou Who
41%

Score Distribution

Percentile by Number Answered

Percent of People with Each Score

Your Score History

You have not taken this quiz